| 000 | 00761nam a22002772 4500 | ||
|---|---|---|---|
| 001 | 21840 | ||
| 003 | BD-RjUL | ||
| 005 | 20211209000733.0 | ||
| 008 | 140305t1953 enk b 001 0beng | ||
| 035 | _a(BD-RjUL)21905 | ||
| 040 |
_aDLC _cFHM _dEQO _dBD-RjUL _beng |
||
| 041 | _aeng | ||
| 082 | 0 | 4 |
_a928.2 _bRIR 1953 |
| 100 | 1 |
_aRidley, M.R. _967433 |
|
| 245 | 1 | 0 |
_aR. L. Stevenson / _cby M.R. Ridley. |
| 260 |
_aLondon : _bOxford Uiversity press, _c1953. |
||
| 300 |
_a190 p. ; _c19 cm. |
||
| 490 | 1 | _aGreat lives [79] | |
| 504 | _aIncludes index. | ||
| 600 | 1 | 0 |
_aStevenson, Robert Louis, _d1850-1894. _956475 |
| 830 | 0 |
_v79 _967438 |
|
| 830 | 0 |
_aGreat lives (Duckworth (Firm)) ; _967435 |
|
| 942 |
_2ddc _cBK |
||
| 999 |
_c21840 _d21840 |
||